[Event "ESP-chT CECLUB Div2"]
[Site "Linares"]
[Date "2018.08.17"]
[Round "5.8"]
[White "Anillo Fernandez, Isabel Maria"]
[Black "De la Pena Garcia, Blanca"]
[Result "1-0"]
[WhiteElo "1924"]
[BlackElo "1811"]
[PlyCount "71"]
[EventDate "2018.08.14"]
[EventType "team-swiss"]
[EventRounds "7"]
[EventCountry "ESP"]
[SourceTitle "CBM 186 Extra"]
[Source "ChessBase"]
[SourceDate "2018.08.24"]
[SourceVersion "1"]
[SourceVersionDate "2018.08.24"]
[SourceQuality "1"]
[WhiteTeam "Oromana Broncesval"]
[BlackTeam "Covadonga Cultura"]
[WhiteTeamCountry "ESP"]
[BlackTeamCountry "ESP"]

1. e4 c5 2. Nf3 d6 3. d4 cxd4 4. Nxd4 Nf6 5. Nc3 a6 6. Bg5 e6 7. f4 b5 8. e5 dxe5 9. fxe5 Qc7 10. exf6 Qe5+ 11. Be2 Qxg5 12. 0-0 Ra7 13. Kh1 Rd7 14. Ncxb5 Bb7 15. Rf2 Qh4 16. Qf1 gxf6 17. Rf4 Qg5 18. Rg4 Qh6 19. Re1 f5 20. Rg3 Kd8 21. Bc4 axb5 22. Nxb5 Be7 23. Rd1 Qf6 24. Rgd3 Bc8 25. Qf2 e5 26. Qa7 e4 27. Qc7+ Ke8 28. Qxc8+ Bd8 29. Rxd7 Nxd7 30. Qxd7+ Kf8 31. Qxd8+ Kg7 32. Qxf6+ Kxf6 33. a4 e3 34. a5 Ra8 35. b4 f4 36. Kg1 1-0

[Event "San Sebastian de los Reyes op 18th"]
[Site "San Sebastian"]
[Date "2016.12.07"]
[Round "5"]
[White "De la Pena Garcia, Blanca"]
[Black "Karunanithi, Bharath"]
[Result "1-0"]
[WhiteElo "1815"]
[BlackElo "1345"]
[PlyCount "55"]
[EventDate "2016.12.03"]
[EventType "swiss"]
[EventRounds "9"]
[EventCountry "ESP"]
[SourceTitle "CBM 176 Extra"]
[Source "ChessBase"]
[SourceDate "2017.03.02"]
[SourceVersion "1"]
[SourceVersionDate "2017.03.02"]
[SourceQuality "1"]

1. e4 c5 2. Nf3 d6 3. d4 cxd4 4. Nxd4 Nf6 5. Nc3 a6 6. f3 e5 7. Nb3 Be6 8. Be3 Nbd7 9. Qd2 Be7 10. 0-0-0 b5 11. Kb1 0-0 12. g4 b4 13. Ne2 a5 14. g5 Ne8 15. Nbc1 Nb6 16. Ng3 f5 17. exf5 Bxf5 18. Nxf5 Rxf5 19. Bxb6 Qxb6 20. Qd5+ Kf8 21. Qxa8 Bxg5 22. Qe4 g6 23. Bc4 Qc7 24. Ne2 Kg7 25. h4 Bf4 26. Bb3 Bh6 27. Rdg1 Nf6 28. Qxf5 1-0

[Event "San Sebastian de los Reyes op 18th"]
[Site "San Sebastian"]
[Date "2016.12.06"]
[Round "4"]
[White "Gueler Berdasco, Martin"]
[Black "De la Pena Garcia, Blanca"]
[Result "1-0"]
[WhiteElo "1929"]
[BlackElo "1815"]
[PlyCount "87"]
[EventDate "2016.12.03"]
[EventType "swiss"]
[EventRounds "9"]
[EventCountry "ESP"]
[SourceTitle "CBM 176 Extra"]
[Source "ChessBase"]
[SourceDate "2017.03.02"]
[SourceVersion "1"]
[SourceVersionDate "2017.03.02"]
[SourceQuality "1"]

1. b4 d5 2. Bb2 Bf5 3. e3 e6 4. Nf3 Nf6 5. a3 Bd6 6. c4 c6 7. Nc3 0-0 8. cxd5 exd5 9. Nh4 Bg6 10. Be2 Nbd7 11. g4 Ne5 12. Nxg6 fxg6 13. h3 Nfd7 14. h4 Qf6 15. f4 Qf7 16. Qc2 Nc4 17. Bxc4 dxc4 18. Ne4 Bc7 19. 0-0-0 Rae8 20. h5 b5 21. Ng5 Qd5 22. hxg6 Qd3 23. Rxh7 Nf6 24. Bxf6 Rxf6 25. Qxd3 cxd3 26. f5 Kf8 27. Rh8+ Ke7 28. Rxe8+ Kxe8 29. Ne6 Rxe6 30. fxe6 Ke7 31. Rf1 Kxe6 32. Rf5 Be5 33. Kb1 Kd5 34. Ka2 Kd6 35. Kb3 Kd5 36. a4 bxa4+ 37. Kxa4 Kd6 38. Rf7 Ke6 39. Kb3 Kd5 40. Rxa7 Ke4 41. Re7 Kd5 42. Rf7 Ke4 43. Kc4 Bf6 44. Rxf6 1-0

[Event "EU-ch U12 Girls"]
[Site "Prague"]
[Date "2012.08.17"]
[Round "1"]
[White "Milovanova, Maria"]
[Black "De la Pena Garcia, Blanca"]
[Result "1-0"]
[WhiteElo "1892"]
[BlackElo "1508"]
[PlyCount "143"]
[EventDate "2012.08.17"]
[EventType "swiss"]
[EventRounds "9"]
[EventCountry "CZE"]
[SourceTitle "CBM 150 Extra"]
[Source "ChessBase"]
[SourceDate "2012.10.19"]
[SourceVersion "1"]
[SourceVersionDate "2012.10.19"]
[SourceQuality "1"]

1. d4 d5 2. c4 e6 3. Nf3 Nf6 4. Nc3 Nbd7 5. cxd5 exd5 6. Bg5 c6 7. Qc2 Qa5 8. Nd2 Bb4 9. e3 h6 10. Bh4 Bxc3 11. bxc3 Qc7 12. Bd3 b6 13. Bg3 Qd8 14. Bd6 Bb7 15. e4 Nb8 16. e5 Nfd7 17. e6 Nf6 18. Bxb8 Rxb8 19. exf7+ Kxf7 20. Bg6+ Kf8 21. 0-0 Ba6 22. Rfe1 Qc7 23. Qf5 Qd7 24. Re6 Kg8 25. Rxf6 Qxf5 26. Rxf5 Bd3 27. Bf7+ Kh7 28. Rf3 Ba6 29. Re1 Rhf8 30. Re6 Bb7 31. Bg6+ Kh8 32. Rfe3 a5 33. Re7 Ba6 34. Rg3 Rb7 35. Rf3 Rd8 36. Rff7 Rxe7 37. Rxe7 Kg8 38. Nf3 Bc4 39. Ne5 Bxa2 40. Nxc6 Rc8 41. Ne5 a4 42. Bf7+ Kh7 43. Be6 Ra8 44. Nd7 a3 45. Nf6+ Kh8 46. Nxd5 Bxd5 47. Bxd5 a2 48. Bxa2 Rxa2 49. g3 Rc2 50. Rc7 Rc1+ 51. Kg2 Kg8 52. Kf3 Kf8 53. h4 h5 54. Kf4 Rc2 55. f3 b5 56. Rb7 Rxc3 57. Rxb5 Rc4 58. Ke5 Rc3 59. Ke4 g6 60. Rc5 Rb3 61. Rc7 Ra3 62. d5 Ra4+ 63. Ke5 Ra3 64. Rc4 Rxf3 65. Rf4+ Rxf4 66. gxf4 Ke7 67. d6+ Kd7 68. Kf6 Kxd6 69. Kxg6 Ke6 70. f5+ Ke7 71. Kg7 Ke8 72. f6 1-0